Different, but not necessarily apart (Record no. 74098)
[ view plain ]
| 000 -LEADER | |
|---|---|
| fixed length control field | 01053cab a2200229 4500 |
| 001 - CONTROL NUMBER | |
| control field | ABS67451 |
| 008 - FIXED-LENGTH DATA ELEMENTS--GENERAL INFORMATION | |
| fixed length control field | 040203n2004 000 0 eng u |
| 035 ## - SYSTEM CONTROL NUMBER | |
| System control number | (Sirsi) u124988 |
| 100 ## - MAIN ENTRY--PERSONAL NAME | |
| Personal name | Friedrich, R. |
| 245 ## - TITLE STATEMENT | |
| Title | Different, but not necessarily apart |
| 260 ## - PUBLICATION, DISTRIBUTION, ETC. | |
| Date of publication, distribution, etc. | 2004 |
| 490 ## - SERIES STATEMENT | |
| Series statement | Estates Gazette |
| Volume/sequential designation | (0404) 24 January 2004, 104-105(2) |
| 520 ## - SUMMARY, ETC. | |
| Summary, etc. | Questions the view that the property law systems of England and Germany are incompatible. In English property law, statutes and case law co-exist, with the latter having a limited and subordinate role in the revision of the law. Germany has a codified legal system, which is developed by way of judicial decisions. Compares and contrasts the principal statutes pertaining to land law in both countries. Concludes that the essential functions of property law in the two countries are the same. |
| 590 ## - LOCAL NOTE (RLIN) | |
| Local note | ABS |
| 650 ## - SUBJECT ADDED ENTRY--TOPICAL TERM | |
| Topical term or geographic name entry element | COMMON LAW |
| 650 ## - SUBJECT ADDED ENTRY--TOPICAL TERM | |
| Topical term or geographic name entry element | GRUNDBUCHORDNUNG |
| 650 ## - SUBJECT ADDED ENTRY--TOPICAL TERM | |
| Topical term or geographic name entry element | BURGERLICHES GESETZBUCH |
| 650 ## - SUBJECT ADDED ENTRY--TOPICAL TERM | |
| Topical term or geographic name entry element | GERMANY |
| 650 ## - SUBJECT ADDED ENTRY--TOPICAL TERM | |
| Topical term or geographic name entry element | ENGLAND |
| 690 ## - LOCAL SUBJECT ADDED ENTRY--TOPICAL TERM (OCLC, RLIN) | |
| Topical term or geographic name as entry element | PROPERTY |
| 942 ## - ADDED ENTRY ELEMENTS (KOHA) | |
| Suppress in OPAC | 0 |
| Withdrawn status | Lost status | Source of classification or shelving scheme | Damaged status | Not for loan | Home library | Current library | Shelving location | Date acquired | Total Checkouts | Full call number | Barcode | Date last seen | Copy number | Price effective from | Koha item type |
|---|---|---|---|---|---|---|---|---|---|---|---|---|---|---|---|
| Dewey Decimal Classification | London | London | Journal article | 03/02/2004 | ABS67451 | 124988-1001 | 06/08/2019 | 1 | 06/08/2019 | Journal article |